00356 a2200121 450000100060000010000160000624500400002226000290006209000170009194200230010899900190013195200840015040870 aElliott S P aNew Illus encyclopedia of Knowledge aN WorkbPorthand Housec c25130d25130 aNUST-CAEcMc16815 c275943d275943 001040708NFICaCAEbCAEd2017-04-03l0pCAE60169r2017-04-05w2017-04-05yBK